LIBRARY & INFORMATION CENTRE, KCAET, TAVANUR

ONLINE PUBLIC ACCESS CATALOGUE (OPAC)

Numerical mathematical analysis / (Record no. 9286)

MARC details
000 -LEADER
fixed length control field 00466cam a2200181ua 4500
041 ## - LANGUAGE CODE
Language code of text/sound track or separate title eng
082 ## - DEWEY DECIMAL CLASSIFICATION NUMBER
Classification number 515
Item number SCA/NU
100 ## - MAIN ENTRY--AUTHOR NAME
Personal name Scarbrough, James B .
245 ## - TITLE STATEMENT
Title Numerical mathematical analysis /
250 ## - EDITION STATEMENT
Edition statement 6 /
260 ## - PUBLICATION, DISTRIBUTION, ETC. (IMPRINT)
Place of publication New Delhi :
Name of publisher Oxford & IBH Publishing company ,
Year of publication 1966.
300 ## - PHYSICAL DESCRIPTION
Number of Pages 600 ; .
942 ## - ADDED ENTRY ELEMENTS (KOHA)
Koha item type Books
Holdings
Withdrawn status Lost status Damaged status Home library Current library Date acquired Full call number Accession Number Koha item type
      KAUAET KAUAET 01/09/1986 515 15557 Books
free website counter